[Event "Deltalift op"]
[Site "Tylosand"]
[Date "2019.05.30"]
[Round "3"]
[White "Cramling Bellon, Anna"]
[Black "Brzezinski, Adam"]
[Result "1-0"]
[WhiteElo "1990"]
[BlackElo "2193"]
[PlyCount "108"]
[EventDate "2019.05.30"]
[EventType "swiss"]
[EventRounds "8"]
[EventCountry "SWE"]
[SourceTitle "CBM 190 Extra"]
[Source "ChessBase"]
[SourceDate "2019.07.15"]
[SourceVersion "1"]
[SourceVersionDate "2019.07.15"]
[SourceQuality "1"]

1. d4 Nf6 2. c4 c5 3. d5 e5 4. Nc3 d6 5. e4 Be7 6. g3 Nbd7 7. Bg2 0-0 8. Nge2 Ne8 9. 0-0 Nc7 10. Be3 a6 11. a4 Rb8 12. Qd3 Bf6 13. f4 g6 14. f5 Bg5 15. g4 b5 16. axb5 axb5 17. cxb5 Bxe3+ 18. Qxe3 g5 19. f6 h6 20. Qh3 Nxf6 21. Qxh6 Nxg4 22. Qh5 Ne8 23. Rf3 Ng7 24. Qh3 Qd7 25. Ng3 Qe7 26. Nf5 Bxf5 27. exf5 Nf6 28. Qh6 g4 29. Rff1 Rfc8 30. Ra6 Nge8 31. b6 Qf8 32. Qxf8+ Kxf8 33. Nb5 Nd7 34. Na7 Nxb6 35. Nxc8 Nxc8 36. Rf2 Nf6 37. Ra4 Ke7 38. Ra2 Rb4 39. Ra3 Rd4 40. Rb3 Nxd5 41. Bxd5 Rxd5 42. f6+ Kd7 43. Rb7+ Ke6 44. Rc7 Rd4 45. Rxc8 Rf4 46. Rxf4 exf4 47. Rg8 Kf5 48. Rg7 Kxf6 49. Rxg4 Kf5 50. Rg8 d5 51. Kf2 Ke4 52. h4 Kd3 53. h5 d4 54. h6 Kc2 1-0

[Event "Deltalift op"]
[Site "Tylosand"]
[Date "2017.05.26"]
[Round "6"]
[White "Brzezinski, Adam"]
[Black "Hector, Jonny"]
[Result "0-1"]
[WhiteElo "2129"]
[BlackElo "2498"]
[PlyCount "66"]
[EventDate "2017.05.25"]
[EventType "swiss"]
[EventRounds "8"]
[EventCountry "SWE"]
[SourceTitle "CBM 178 Extra"]
[Source "ChessBase"]
[SourceDate "2017.06.22"]
[SourceVersion "1"]
[SourceVersionDate "2017.06.22"]
[SourceQuality "1"]

1. d4 d5 2. Bf4 c5 3. e3 Nc6 4. c3 Nf6 5. Nd2 cxd4 6. exd4 Bf5 7. Ngf3 e6 8. Qb3 Bd6 9. Bxd6 Qxd6 10. Be2 0-0 11. 0-0 h6 12. Rfe1 Rab8 13. a4 Rfd8 14. Qa3 Qc7 15. Nb3 b6 16. Nc1 Na5 17. Ne5 Ne4 18. f3 Nd6 19. Bd3 f6 20. Bxf5 Nxf5 21. Ned3 e5 22. Ne2 Ne3 23. Rac1 Re8 24. Qa2 Qc4 25. Qxc4 dxc4 26. Nb4 Nb3 27. Rb1 a5 28. Nc6 Rbc8 29. Na7 Rcd8 30. dxe5 Rd2 31. Kf2 Rxe5 32. Nc6 Re8 33. g4 Nc2 0-1

[Event "Barcelona Sant Marti op-A 18th"]
[Site "Barcelona"]
[Date "2016.07.19"]
[Round "7"]
[White "Li, Di"]
[Black "Brzezinski, Adam"]
[Result "1-0"]
[WhiteElo "2426"]
[BlackElo "2208"]
[PlyCount "99"]
[EventDate "2016.07.13"]
[EventType "swiss"]
[EventRounds "9"]
[EventCountry "ESP"]
[SourceTitle "CBM 173 Extra"]
[Source "ChessBase"]
[SourceDate "2016.08.29"]
[SourceVersion "1"]
[SourceVersionDate "2016.08.29"]
[SourceQuality "1"]

1. b3 d5 2. Bb2 Nf6 3. e3 Bf5 4. Nf3 e6 5. Be2 h6 6. 0-0 Be7 7. d3 0-0 8. Nbd2 Bh7 9. Ne5 c5 10. f4 a5 11. a4 Na6 12. Rf3 Ne8 13. Rh3 f6 14. Nef3 Nd6 15. Nh4 Nb4 16. Bh5 c4 17. Rg3 Qd7 18. bxc4 dxc4 19. Qg4 Bd8 20. Bg6 cxd3 21. Bxh7+ Kxh7 22. Qg6+ Kh8 23. cxd3 Nf5 24. Nxf5 exf5 25. Nc4 Bc7 26. h4 Rad8 27. Ra3 Qf7 28. Qxf5 Nxd3 29. Rxd3 Qxc4 30. Rxd8 Bxd8 31. Qd7 Qf7 32. Qb5 Qc7 33. Bd4 Qc6 34. Qxc6 bxc6 35. e4 Be7 36. Rc3 Rd8 37. Bb6 Rb8 38. Bc5 Bxc5+ 39. Rxc5 Rb4 40. Rxa5 Rxe4 41. g3 Re2 42. Ra8+ Kh7 43. h5 Ra2 44. a5 c5 45. Kf1 c4 46. Ke1 Rg2 47. Rc8 Rxg3 48. Rxc4 g5 49. Rc7+ Kg8 50. a6 1-0

[Event "London Crouch op"]
[Site "London"]
[Date "2016.04.05"]
[Round "4"]
[White "Brzezinski, Adam"]
[Black "Batchelor, Peter"]
[Result "1-0"]
[WhiteElo "2203"]
[BlackElo "2335"]
[PlyCount "116"]
[EventDate "2016.04.02"]
[EventType "swiss"]
[EventRounds "9"]
[EventCountry "ENG"]
[SourceTitle "CBM 171 Extra"]
[Source "ChessBase"]
[SourceDate "2016.04.26"]
[SourceVersion "1"]
[SourceVersionDate "2016.04.26"]
[SourceQuality "1"]

1. d4 Nf6 2. c4 e6 3. Nc3 Bb4 4. e3 b6 5. Nge2 Ba6 6. a3 Be7 7. Nf4 0-0 8. g4 Bb7 9. d5 e5 10. Nd3 d6 11. Rg1 Ne8 12. Bg2 Nd7 13. Nb4 Bh4 14. Nc6 Bxc6 15. dxc6 Nc5 16. b4 Ne6 17. Bb2 a5 18. Qc2 axb4 19. axb4 Rxa1+ 20. Bxa1 Qg5 21. Qe2 g6 22. Bd5 N8g7 23. Kd1 Ra8 24. Bb2 Qd8 25. Kc2 Qe8 26. Qf3 Kh8 27. Qg2 f5 28. h3 Bf6 29. Qh1 Qf8 30. Ra1 h5 31. gxf5 gxf5 32. Qg2 Rxa1 33. Bxa1 Qe8 34. Bb2 Kh7 35. Ne2 h4 36. f4 Qg6 37. Qxg6+ Kxg6 38. Bc3 Nf8 39. Be1 exf4 40. Nxf4+ Kh6 41. Bf7 Be5 42. Bxh4 Bxf4 43. exf4 Nfe6 44. Bf2 Nxf4 45. Bxb6 Nfe6 46. Bf2 Kg5 47. b5 Kf6 48. Bg8 f4 49. b6 cxb6 50. Bxb6 Nf5 51. Bd8+ Ke5 52. c7 Nxc7 53. Bxc7 f3 54. Kd2 Kf4 55. c5 f2 56. Bc4 Ke5 57. cxd6 Kd4 58. Bf1 Kd5 1-0

[Event "Vaxjo op"]
[Site "Vaxjo"]
[Date "2016.02.19"]
[Round "2"]
[White "Brzezinski, Adam"]
[Black "Hedstrom Crevatin, Leo"]
[Result "1-0"]
[WhiteElo "2224"]
[BlackElo "1922"]
[PlyCount "133"]
[EventDate "2016.02.19"]
[EventType "swiss"]
[EventRounds "8"]
[EventCountry "SWE"]
[SourceTitle "CBM 170 Extra"]
[Source "ChessBase"]
[SourceDate "2016.02.25"]
[SourceVersion "1"]
[SourceVersionDate "2016.02.25"]
[SourceQuality "1"]

1. d4 d5 2. c4 c6 3. Nf3 Nf6 4. Qc2 a6 5. g3 b5 6. cxb5 cxb5 7. Bg2 e6 8. 0-0 Bd6 9. Bg5 Bb7 10. Nbd2 Nbd7 11. Nb3 Rc8 12. Qd3 h6 13. Bd2 Ne4 14. Ba5 Qe7 15. Nfd2 Nxd2 16. Qxd2 0-0 17. a3 Nf6 18. Rfc1 Rfe8 19. Bb4 Bxb4 20. axb4 Nd7 21. Nc5 Nxc5 22. bxc5 e5 23. e3 e4 24. b4 Rc6 25. Bh3 Bc8 26. Bxc8 Rexc8 27. Qe2 Qe6 28. Kg2 f5 29. h4 Rf8 30. h5 Re8 31. Ra5 Kh7 32. Rca1 Rf8 33. Qa2 Rf6 34. Rh1 Qf7 35. Rh4 Qe6 36. Qb3 Qf7 37. Ra1 Qe6 38. Rah1 Qf7 39. Qa2 Qe6 40. Qa5 Qd7 41. Rf4 Qc7 42. Qa2 Qf7 43. Rh2 Qe6 44. Qe2 Qd7 45. Rh1 Qe6 46. f3 Rc7 47. fxe4 fxe4 48. Rhf1 Rcf7 49. Rxf6 gxf6 50. Rf4 Rg7 51. Qf2 Rf7 52. Rf5 Kg7 53. Qf4 Kh7 54. Kh3 Rg7 55. g4 Rf7 56. Qd6 Qxd6 57. cxd6 Rd7 58. Rxd5 Kg7 59. Kg3 Kf7 60. Kf4 Ke6 61. Kxe4 Rg7 62. d7 Rxd7 63. Rxd7 Kxd7 64. Kd5 Kc7 65. Kc5 Kb7 66. e4 Kc7 67. d5 1-0

[Event "Prague op-A 15th"]
[Site "Prague"]
[Date "2016.01.14"]
[Round "8"]
[White "Brzezinski, Adam"]
[Black "Gungl, Theo"]
[Result "0-1"]
[WhiteElo "2238"]
[BlackElo "2062"]
[PlyCount "98"]
[EventDate "2016.01.08"]
[EventType "swiss"]
[EventRounds "9"]
[EventCountry "CZE"]
[SourceTitle "CBM 170 Extra"]
[Source "ChessBase"]
[SourceDate "2016.02.25"]
[SourceVersion "1"]
[SourceVersionDate "2016.02.25"]
[SourceQuality "1"]

1. Nf3 d5 2. d4 Nf6 3. c4 c6 4. Qc2 e6 5. g3 Nbd7 6. Bg2 Be7 7. 0-0 0-0 8. Nbd2 b6 9. e4 dxc4 10. Nxc4 Bb7 11. Rd1 Rc8 12. h4 h6 13. Ne3 Qc7 14. b3 Qb8 15. Bb2 Rfd8 16. a3 Qa8 17. e5 Ne8 18. Qe2 Nc7 19. Nh2 Nf8 20. Qf3 Rb8 21. Qh5 c5 22. dxc5 Bxc5 23. Bxb7 Qxb7 24. Nc4 Nd5 25. Ng4 Ng6 26. b4 Bf8 27. Nd6 Qe7 28. Rac1 Rd7 29. b5 Rbd8 30. Rxd5 exd5 31. Nf5 Qe6 32. Rc6 Bd6 33. Nxd6 Ne7 34. Ne4 Nxc6 35. Nef6+ gxf6 36. Nxf6+ Kg7 37. bxc6 Rc7 38. Bd4 Rxc6 39. Qf3 Rc4 40. Nh5+ Kh7 41. Nf6+ Kg7 42. Qd3 Rh8 43. Nh5+ Kf8 44. Nf4 Qg4 45. e6 Rg8 46. exf7 Kxf7 47. Qh7+ Kf8 48. Bf6 Re4 49. Nxd5 Qd1+ 0-1

[Event "Prague op-A 15th"]
[Site "Prague"]
[Date "2016.01.13"]
[Round "7"]
[White "Jurcik, Martin"]
[Black "Brzezinski, Adam"]
[Result "1-0"]
[WhiteElo "2349"]
[BlackElo "2238"]
[PlyCount "57"]
[EventDate "2016.01.08"]
[EventType "swiss"]
[EventRounds "9"]
[EventCountry "CZE"]
[SourceTitle "CBM 170 Extra"]
[Source "ChessBase"]
[SourceDate "2016.02.25"]
[SourceVersion "1"]
[SourceVersionDate "2016.02.25"]
[SourceQuality "1"]

1. d4 e6 2. c4 Bb4+ 3. Bd2 a5 4. Nf3 Nf6 5. g3 d5 6. Qc2 c6 7. Bg2 0-0 8. 0-0 Nbd7 9. Bg5 Be7 10. Nbd2 h6 11. Bxf6 Bxf6 12. e4 b6 13. exd5 exd5 14. cxd5 c5 15. Ne4 Ba6 16. Rfd1 c4 17. a4 g6 18. Re1 Bg7 19. Nc3 Re8 20. Rxe8+ Qxe8 21. Re1 Qf8 22. Re3 Nf6 23. Ne5 Ne8 24. d6 Nxd6 25. Bxa8 Qxa8 26. Nxg6 fxg6 27. Qxg6 Nf7 28. Nd5 Kf8 29. Nc7 1-0

[Event "Deltalift op"]
[Site "Tylosand"]
[Date "2015.05.15"]
[Round "5"]
[White "Brzezinski, Adam"]
[Black "Blomqvist, Erik"]
[Result "0-1"]
[WhiteElo "2150"]
[BlackElo "2513"]
[PlyCount "94"]
[EventDate "2015.05.14"]
[EventType "swiss"]
[EventRounds "8"]
[EventCountry "SWE"]
[SourceTitle "CBM 166 Extra"]
[Source "ChessBase"]
[SourceDate "2015.06.18"]
[SourceVersion "1"]
[SourceVersionDate "2015.06.18"]
[SourceQuality "1"]

1. d4 d5 2. c4 c6 3. Nc3 Nf6 4. e3 e6 5. Nf3 Nbd7 6. b3 Bb4 7. Bd2 Qe7 8. Be2 0-0 9. 0-0 b6 10. Qc2 Bb7 11. Ne5 Rac8 12. f4 dxc4 13. bxc4 c5 14. Bd3 Rfd8 15. Rad1 g6 16. Bc1 a6 17. Bb2 cxd4 18. exd4 Nxe5 19. fxe5 Ng4 20. Qe2 Qg5 21. a3 Bxc3 22. Bxc3 Qe3+ 23. Qxe3 Nxe3 24. Rb1 Nxf1 25. Kxf1 Bd5 26. Rxb6 Bxc4 27. Ke2 Bb5 28. Kd2 Rb8 29. Rd6 Rxd6 30. exd6 Kf8 31. Bb4 Ke8 32. Bc2 Kd7 33. Ke3 f6 34. Bd1 Bc6 35. g3 a5 36. Bxa5 Rb1 37. Bc2 Rh1 38. h4 Rg1 39. Bb4 Rxg3+ 40. Kd2 Rh3 41. a4 Rxh4 42. Bc5 e5 43. a5 exd4 44. a6 Rh2+ 45. Kc1 Rh1+ 46. Kb2 Rh5 47. Bxd4 Kxd6 0-1

[Event "Reykjavik op"]
[Site "Reykjavik"]
[Date "2015.03.18"]
[Round "10"]
[White "Brzezinski, Adam"]
[Black "Birkisson, Bardur Orn"]
[Result "1-0"]
[WhiteElo "2150"]
[BlackElo "1839"]
[PlyCount "159"]
[EventDate "2015.03.10"]
[EventType "swiss"]
[EventRounds "10"]
[EventCountry "ISL"]
[SourceTitle "CBM 165 Extra"]
[Source "ChessBase"]
[SourceDate "2015.04.21"]
[SourceVersion "1"]
[SourceVersionDate "2015.04.21"]
[SourceQuality "1"]

1. d4 Nf6 2. c4 e6 3. Nc3 Bb4 4. e3 b6 5. Nge2 Bb7 6. a3 Be7 7. d5 0-0 8. Ng3 d6 9. Be2 Nbd7 10. 0-0 a5 11. b3 Re8 12. e4 Bf8 13. Bb2 g6 14. f4 Bg7 15. Qc2 exd5 16. exd5 Nc5 17. Bf3 Ba6 18. Rad1 Bc8 19. Nb5 Bg4 20. Bxf6 Bxf6 21. Bxg4 h5 22. Bf3 h4 23. Ne4 Bg7 24. Rfe1 Bh6 25. g3 Nxe4 26. Rxe4 Qd7 27. Rde1 hxg3 28. hxg3 Rxe4 29. Rxe4 Re8 30. Rxe8+ Qxe8 31. Qe2 Qd8 32. Kg2 Bg7 33. Na7 Bf6 34. Nc6 Qf8 35. Bg4 Kg7 36. Bd7 Qh8 37. a4 Qh6 38. Na7 g5 39. Nb5 gxf4 40. Qg4+ Kf8 41. Qxf4 Qg6 42. Bf5 Qh5 43. Bg4 Qg6 44. Nxc7 Be5 45. Qf5 Qh6 46. Ne6+ Ke8 47. Ng5 Qg6 48. Nh7 Qxf5 49. Bxf5 f6 50. g4 Kf7 51. Kh3 Bf4 52. Kh4 Be3 53. g5 fxg5+ 54. Kg4 Bc1 55. Bc2 Kg7 56. Nxg5 Kf6 57. Nf3 Be3 58. Bf5 Ke7 59. Bc8 Kf6 60. Ba6 Kg6 61. Nh4+ Kf6 62. Nf5 Bc5 63. Kf4 Ba3 64. Nd4 Bc5 65. Nc6 Kg6 66. Na7 Kf6 67. Nc8 Bg1 68. Bb5 Bd4 69. Be8 Bg1 70. Kg4 Bc5 71. Bh5 Ke5 72. Kg5 Kd4 73. Kf6 Kc3 74. Be8 Kxb3 75. Bb5 Kc3 76. Ke6 Kd4 77. Nxd6 Ba3 78. Nb7 Bf8 79. d6 Bxd6 80. Kxd6 1-0

[Event "Reykjavik op"]
[Site "Reykjavik"]
[Date "2015.03.15"]
[Round "7"]
[White "Sachdev, Tania"]
[Black "Brzezinski, Adam"]
[Result "1-0"]
[WhiteElo "2404"]
[BlackElo "2150"]
[PlyCount "175"]
[EventDate "2015.03.10"]
[EventType "swiss"]
[EventRounds "10"]
[EventCountry "ISL"]
[SourceTitle "CBM 165 Extra"]
[Source "ChessBase"]
[SourceDate "2015.04.21"]
[SourceVersion "1"]
[SourceVersionDate "2015.04.21"]
[SourceQuality "1"]

1. d4 Nf6 2. c4 c5 3. d5 e5 4. Nc3 d6 5. e4 Be7 6. Bd3 Nbd7 7. Nge2 Nf8 8. Ng3 Ng6 9. Nf5 0-0 10. g3 Re8 11. Be3 a6 12. a4 b6 13. Qe2 Bf8 14. 0-0-0 Bxf5 15. exf5 Nf4 16. Bxf4 exf4 17. Qd2 Be7 18. gxf4 Nd7 19. Rde1 Bf6 20. Ne4 Qc7 21. Re3 Bd4 22. Rg3 Nf6 23. Nc3 Kh8 24. Rhg1 Rg8 25. Kb1 Qd7 26. Qc2 Rae8 27. Nd1 Re7 28. Qb3 Qb7 29. Rh3 Rge8 30. Ka2 Re1 31. Rxe1 Rxe1 32. Ne3 Qd7 33. Nc2 Re8 34. Nxd4 cxd4 35. Rg3 Qc7 36. Rg1 Qc5 37. Kb1 Qa5 38. Bc2 h6 39. Ka2 Ra8 40. Rd1 b5 41. cxb5 axb5 42. Rxd4 Kg8 43. Qa3 Qb6 44. Qb4 Qc7 45. Kb1 Rc8 46. Qd2 bxa4 47. Bxa4 Ra8 48. Bc6 Ra5 49. Ra4 Rxa4 50. Bxa4 Qc4 51. Bc6 Ne4 52. Qc2 Qb4 53. Ka2 Nc5 54. Qc3 Qxc3 55. bxc3 Nd3 56. Kb3 Kf8 57. Kc4 Nxf4 58. Kd4 Ke7 59. Bb5 Nh3 60. f3 Kf6 61. c4 Ng1 62. Ke4 Ke7 63. Ba6 Ne2 64. c5 Nc3+ 65. Kd4 Na4 66. c6 Kd8 67. Bd3 f6 68. Bc2 Nb6 69. Ke4 Kc7 70. Bd3 Nc8 71. f4 Ne7 72. Be2 Kb6 73. Bh5 Kc7 74. Bf7 Kb6 75. Be6 Kc7 76. h4 Kb6 77. h5 Kc7 78. Kd4 Kb6 79. Kc4 Ka6 80. c7 Kb7 81. Kb5 Kxc7 82. Ka6 Nc6 83. dxc6 Kxc6 84. Ka7 Kc5 85. Kb7 Kd4 86. Kc6 d5 87. Bxd5 Ke3 88. Bf7 1-0

[Event "Reykjavik op"]
[Site "Reykjavik"]
[Date "2015.03.14"]
[Round "6"]
[White "Brzezinski, Adam"]
[Black "Hauksson, Hordur Aron"]
[Result "1-0"]
[WhiteElo "2150"]
[BlackElo "1853"]
[PlyCount "63"]
[EventDate "2015.03.10"]
[EventType "swiss"]
[EventRounds "10"]
[EventCountry "ISL"]
[SourceTitle "CBM 165 Extra"]
[Source "ChessBase"]
[SourceDate "2015.04.21"]
[SourceVersion "1"]
[SourceVersionDate "2015.04.21"]
[SourceQuality "1"]

1. d4 Nf6 2. c4 e6 3. Nc3 Bb4 4. e3 d5 5. a3 Bxc3+ 6. bxc3 0-0 7. cxd5 exd5 8. Bd3 b6 9. Ne2 c5 10. 0-0 Ba6 11. Bxa6 Nxa6 12. Ng3 Re8 13. f3 Rc8 14. Ra2 h5 15. Raf2 Qd7 16. Qd3 Nc7 17. Nf5 Nb5 18. Bb2 c4 19. Qb1 g6 20. a4 Nc7 21. Nh4 Rxe3 22. Bc1 Rxc3 23. Bg5 Rb3 24. Qc2 Kg7 25. g4 hxg4 26. Bxf6+ Kxf6 27. fxg4+ Kg7 28. Rxf7+ Qxf7 29. Rxf7+ Kxf7 30. Qxg6+ Ke7 31. Nf5+ Kd7 32. Qd6+ 1-0

[Event "Prague op-A 14th"]
[Site "Prague"]
[Date "2015.01.14"]
[Round "7"]
[White "Chudinovskih, Alexander N"]
[Black "Brzezinski, Adam"]
[Result "1/2-1/2"]
[WhiteElo "2258"]
[BlackElo "2164"]
[PlyCount "51"]
[EventDate "2015.01.09"]
[EventType "swiss"]
[EventRounds "9"]
[EventCountry "CZE"]
[SourceTitle "CBM 164 Extra"]
[Source "ChessBase"]
[SourceDate "2015.03.02"]
[SourceVersion "1"]
[SourceVersionDate "2015.03.02"]
[SourceQuality "1"]

1. e4 e6 2. d4 d5 3. Nc3 Bb4 4. e5 c5 5. a3 Bxc3+ 6. bxc3 Qa5 7. Qd2 Nc6 8. Nf3 Nge7 9. a4 cxd4 10. cxd4 Qxd2+ 11. Bxd2 0-0 12. a5 Bd7 13. Bd3 Rab8 14. Ke2 b6 15. axb6 Rxb6 16. Rhb1 Rfb8 17. Rxb6 Rxb6 18. Bc3 f6 19. g4 Be8 20. exf6 gxf6 21. g5 f5 22. Ne5 Nxe5 23. dxe5 Nc6 24. Ke3 d4+ 25. Bxd4 f4+ 26. Kxf4 1/2-1/2

[Event "Deltalift op"]
[Site "Halmstad"]
[Date "2014.05.29"]
[Round "2"]
[White "Brzezinski, Adam"]
[Black "Hillarp Persson, Tiger"]
[Result "0-1"]
[WhiteElo "2149"]
[BlackElo "2556"]
[PlyCount "86"]
[EventDate "2014.03.29"]
[EventType "swiss"]
[EventRounds "8"]
[EventCountry "SWE"]
[SourceTitle "EXT 2015"]
[Source "ChessBase"]
[SourceDate "2014.11.20"]
[SourceVersion "1"]
[SourceVersionDate "2014.11.20"]
[SourceQuality "1"]

1. d4 Nf6 2. c4 g6 3. Nc3 Bg7 4. e4 d6 5. Nf3 0-0 6. Be2 Bg4 7. Be3 Nfd7 8. Rc1 c5 9. 0-0 Nc6 10. dxc5 dxc5 11. Ne1 Bxe2 12. Qxe2 Nd4 13. Bxd4 Bxd4 14. Nf3 e5 15. Nd5 Re8 16. Qc2 Kg7 17. a3 Nf6 18. h3 Re6 19. Rfd1 Rc8 20. b4 b6 21. b5 Ne8 22. a4 Nd6 23. Qd3 f5 24. Nxd4 exd4 25. exf5 Nxf5 26. Nf4 Re5 27. Re1 Qd6 28. Qd2 Rce8 29. Nd3 Rxe1+ 30. Rxe1 Rxe1+ 31. Qxe1 Kf6 32. a5 Qe6 33. Qxe6+ Kxe6 34. axb6 axb6 35. Kf1 Nd6 36. Nb2 d3 37. f4 Kf5 38. Nxd3 Nxc4 39. Ke2 Ke4 40. g3 Nd6 41. Ne5 Nxb5 42. Nd7 Nc3+ 43. Kd2 Nd5 0-1

[Event "Norrkoeping Easter op"]
[Site "Norrkoeping"]
[Date "2014.04.18"]
[Round "3"]
[White "Brzezinski, Adam"]
[Black "Westerberg, Jonathan"]
[Result "0-1"]
[WhiteElo "2165"]
[BlackElo "2401"]
[PlyCount "58"]
[EventDate "2014.04.18"]
[EventType "swiss"]
[EventRounds "8"]
[EventCountry "SWE"]
[SourceTitle "CBM 159 Extra"]
[Source "ChessBase"]
[SourceDate "2014.04.24"]
[SourceVersion "1"]
[SourceVersionDate "2014.04.24"]
[SourceQuality "1"]

1. d4 e6 2. e4 b6 3. c4 Bb7 4. Bd3 f5 5. exf5 Bb4+ 6. Kf1 Nf6 7. Bg5 exf5 8. Ne2 h6 9. Bc1 0-0 10. c5 bxc5 11. a3 c4 12. Bxc4+ d5 13. Bd3 Bd6 14. Nbc3 c5 15. dxc5 Bxc5 16. b4 Bb6 17. Na4 Ng4 18. Nxb6 Qxb6 19. Qe1 Nc6 20. Bb2 Rae8 21. b5 Nce5 22. Bxe5 Nxe5 23. Qd2 f4 24. f3 Nxd3 25. Qxd3 Re3 26. Qb1 d4 27. Ra2 Bd5 28. Rd2 Bc4 29. Qb4 Qe6 0-1

[Event "Skopje Karposh op"]
[Site "Skopje"]
[Date "2014.04.04"]
[Round "8"]
[White "Nikolova, Adriana"]
[Black "Brzezinski, Adam"]
[Result "1-0"]
[WhiteElo "2341"]
[BlackElo "2165"]
[PlyCount "71"]
[EventDate "2014.03.29"]
[EventType "swiss"]
[EventRounds "9"]
[EventCountry "MKD"]
[SourceTitle "CBM 159 Extra"]
[Source "ChessBase"]
[SourceDate "2014.04.24"]
[SourceVersion "1"]
[SourceVersionDate "2014.04.24"]
[SourceQuality "1"]

1. e4 e6 2. d4 d5 3. Nd2 Be7 4. Bd3 c5 5. dxc5 Nf6 6. Qe2 0-0 7. Ngf3 a5 8. c4 Nc6 9. 0-0 Nb4 10. Bb1 Bxc5 11. cxd5 exd5 12. e5 Re8 13. Qd1 Nd7 14. Nb3 Be7 15. Nbd4 Nf8 16. Re1 Nc6 17. h3 Nxd4 18. Qxd4 b6 19. a3 Bc5 20. Qf4 Ne6 21. Qg3 Ba6 22. b3 b5 23. Ra2 b4 24. a4 Ra7 25. Rd1 Rd7 26. h4 d4 27. Bf5 Rd5 28. Be4 Bb7 29. Ng5 h6 30. Nh3 Kh8 31. Qf3 Re7 32. Bxh6 gxh6 33. Qf6+ Kg8 34. Rd3 Ng5 35. hxg5 Rdxe5 36. gxh6 1-0

[Event "Skopje Karposh op"]
[Site "Skopje"]
[Date "2014.03.31"]
[Round "4"]
[White "Milenkovic, Mladen"]
[Black "Brzezinski, Adam"]
[Result "1-0"]
[WhiteElo "2373"]
[BlackElo "2165"]
[PlyCount "123"]
[EventDate "2014.03.29"]
[EventType "swiss"]
[EventRounds "9"]
[EventCountry "MKD"]
[SourceTitle "CBM 159 Extra"]
[Source "ChessBase"]
[SourceDate "2014.04.24"]
[SourceVersion "1"]
[SourceVersionDate "2014.04.24"]
[SourceQuality "1"]

1. e4 e6 2. d4 d5 3. e5 c5 4. c3 Qb6 5. Nf3 Nc6 6. a3 Nh6 7. b4 cxd4 8. cxd4 Nf5 9. Be3 Nxe3 10. fxe3 Bd7 11. Bd3 Rc8 12. 0-0 Be7 13. Nbd2 0-0 14. Nb3 a5 15. Nc5 Qc7 16. Qb1 h6 17. b5 Nb8 18. Rc1 b6 19. Na4 Qb7 20. Qb3 Rfd8 21. Re1 f5 22. exf6 Bxf6 23. Ra2 Be8 24. Rf2 Bh5 25. Nc3 Nd7 26. Ne2 Nf8 27. Ng3 Bxf3 28. gxf3 Rc7 29. Ree2 Rdc8 30. Rc2 Rxc2 31. Rxc2 Rc7 32. Ne2 Be7 33. a4 Nd7 34. e4 Nf6 35. e5 Nd7 36. f4 Qc8 37. Rxc7 Qxc7 38. f5 Nxe5 39. dxe5 Qxe5 40. fxe6 Qxe6 41. Ng3 Kf8 42. Be4 Bc5+ 43. Kg2 Qe5 44. Qxd5 Qxd5 45. Bxd5 Ke7 46. Ne4 Bd4 47. Kf3 Bg1 48. h3 Bd4 49. Ke2 Be5 50. Kd3 Bf4 51. Kc4 g5 52. Nc3 Kd6 53. Bf3 Bh2 54. Nd5 Bg1 55. Nf6 Ke5 56. Ng8 Kf5 57. Kd5 Bc5 58. Be4+ Kf4 59. Nxh6 Ke3 60. Nf7 Be7 61. Ne5 Bc5 62. Nd7 1-0

[Event "Copenhagen Bronshoj op"]
[Site "Copenhagen"]
[Date "2014.02.10"]
[Round "7"]
[White "Brzezinski, Adam"]
[Black "Bromann, Thorbjorn"]
[Result "1/2-1/2"]
[WhiteElo "2142"]
[BlackElo "2395"]
[PlyCount "38"]
[EventDate "2014.02.07"]
[EventType "swiss"]
[EventRounds "7"]
[EventCountry "DEN"]
[SourceTitle "CBM 158 Extra"]
[Source "ChessBase"]
[SourceDate "2014.02.28"]
[SourceVersion "1"]
[SourceVersionDate "2014.02.28"]
[SourceQuality "1"]

1. d4 g6 2. e4 Bg7 3. Nc3 d6 4. Be3 a6 5. Qd2 Nd7 6. f4 b5 7. Bd3 c5 8. Nf3 Bb7 9. 0-0 cxd4 10. Bxd4 Bxd4+ 11. Nxd4 Qb6 12. Qf2 Ngf6 13. Kh1 b4 14. Nd5 Nxd5 15. exd5 Bxd5 16. Rae1 Ra7 17. Re2 Nf6 18. Rfe1 e6 19. f5 0-0 1/2-1/2

[Event "Copenhagen Bronshoj op"]
[Site "Copenhagen"]
[Date "2014.02.09"]
[Round "5"]
[White "Rydstrom, Tom"]
[Black "Brzezinski, Adam"]
[Result "1/2-1/2"]
[WhiteElo "2163"]
[BlackElo "2142"]
[PlyCount "32"]
[EventDate "2014.02.07"]
[EventType "swiss"]
[EventRounds "7"]
[EventCountry "DEN"]
[SourceTitle "CBM 158 Extra"]
[Source "ChessBase"]
[SourceDate "2014.02.28"]
[SourceVersion "1"]
[SourceVersionDate "2014.02.28"]
[SourceQuality "1"]

1. e4 e6 2. d4 d5 3. Nc3 Bb4 4. e5 c5 5. a3 Bxc3+ 6. bxc3 Qa5 7. Bd2 Qa4 8. Nf3 Nc6 9. Qb1 c4 10. Be2 Nge7 11. 0-0 Bd7 12. Qxb7 Rb8 13. Qc7 Rc8 14. Qb7 Rb8 15. Qc7 Rc8 16. Qb7 Rb8 1/2-1/2

[Event "Copenhagen Bronshoj op"]
[Site "Copenhagen"]
[Date "2014.02.08"]
[Round "3"]
[White "Brzezinski, Adam"]
[Black "Stojanovski, Sandi"]
[Result "1-0"]
[WhiteElo "2142"]
[BlackElo "2275"]
[PlyCount "39"]
[EventDate "2014.02.07"]
[EventType "swiss"]
[EventRounds "7"]
[EventCountry "DEN"]
[SourceTitle "CBM 158 Extra"]
[Source "ChessBase"]
[SourceDate "2014.02.28"]
[SourceVersion "1"]
[SourceVersionDate "2014.02.28"]
[SourceQuality "1"]

1. d4 Nf6 2. c4 e6 3. Nc3 Bb4 4. a3 Bxc3+ 5. bxc3 b6 6. Bg5 h6 7. Bh4 Bb7 8. f3 d6 9. e4 Nbd7 10. Bd3 Qe7 11. Ne2 g5 12. Bf2 Nh5 13. Be3 0-0-0 14. Qa4 Kb8 15. c5 dxc5 16. 0-0 e5 17. Ba6 cxd4 18. Bxb7 dxe3 19. Bd5 Nf4 20. Nxf4 1-0

[Event "Prague op-B 13th"]
[Site "Prague"]
[Date "2014.??.??"]
[Round "2"]
[White "Dukaczewski, Piotr"]
[Black "Brzezinski, Adam"]
[Result "0-1"]
[WhiteElo "2297"]
[BlackElo "1749"]
[PlyCount "44"]
[EventDate "2014.01.10"]
[EventType "swiss"]
[EventRounds "9"]
[EventCountry "CZE"]
[SourceTitle "CBM 158 Extra"]
[Source "ChessBase"]
[SourceDate "2014.02.28"]
[SourceVersion "1"]
[SourceVersionDate "2014.02.28"]
[SourceQuality "1"]

1. e4 c5 2. Nf3 d6 3. d4 cxd4 4. Nxd4 Nf6 5. Bb5+ Bd7 6. Bxd7+ Nbxd7 7. Nc3 a6 8. Bf4 e5 9. Bg5 exd4 10. Nd5 Be7 11. Qxd4 Ne5 12. f4 Nc6 13. Qc3 0-0 14. 0-0-0 Rc8 15. e5 Ne4 16. Bxe7 Nxe7 17. Qd4 Nxd5 18. Qxd5 Nf2 19. Rhf1 Nxd1 20. Rxd1 dxe5 21. Qxe5 Qc7 22. Qg5 Qxc2# 0-1